000 00806nam a2200241 a 4500
001 BRCA_5334
005 20190320205033.0
008 031210s1905----enka######---#000-0#eng-#
041 _aeng
044 _aenk
050 4 _aPZ3
_b.D53A 1905
100 1 _aDickens, Charles
_d1812 - 1870
_913679
245 1 0 _aThe Adventures of Oliver Twist
_cby Charles Dickens.
260 _aLondres
_bThomas Nelson and Sons
_c1905
300 _a1v. en varias paginaciones
_bil., 1 lámina
_c16 cm.
440 0 _aNew Century Library
_pThe works of Charles Dickens
_vIII
_913680
500 _aEdición con cabeza dorada
500 _aM10
505 0 _aContenido: Sketches by ´Boz´: ilustrative of Every-Day Life and Every-Day People
650 1 4 _aLiteratura inglesa
_ySiglo XX
_913681
902 _aGFM
942 _2lcc
_cB
999 _c5028
_d5028